000 01134nam a22003014a 4500
001 487
003 OSt
005 20250903155853.0
008 940701s19930000bmg 000 1 por u
020 _a8532904327
040 _bpor
041 _hpor
082 0 4 _a028.5
_bA329e
100 1 _aAlbergaria, Lino de,
_d1950-
_91039
245 1 0 _aEm nome do filho /
_cLino de Albergaria. -
250 _a3 ed
260 _aBelo Horizonte :
_bLê,
_c1993.
300 _a95p. ;
500 _a"Texto finalista da Bienal Nestle de Literatura."
520 _aEm nome do filho é um texto que sai sutilmente de outros textos. A epígrafe, um poema conhecido de Fernando Pessoa, é a própria página que o narrador lê, logo no início da trama. Jogo de espelhos, inversão da imagem no confronto entre pai e filho: esta é a chave da narrativa, expressa na perplexidade de Bernardo, o pai, diante de Bernardo, o filho.
650 _aLiteratura Brasileira
_9205
650 _aInfantojuvenil
_9200
650 0 _aAmizade
_9556
655 0 _aRomance
_923
655 0 _aFicção
_922
830 _aOs Narradores
_91045
942 _2ddc
_n0
_cBK
999 _c487
_d487